| 000 | 01333cam a2200325 a 4500 | ||
|---|---|---|---|
| 001 | 13624158 | ||
| 003 | ARRUPE | ||
| 005 | 20220404082829.0 | ||
| 008 | 040302r20041990stk d 000 0 eng d | ||
| 010 | _a 2004401928 | ||
| 020 | _a0550100881 | ||
| 035 | _a(OCoLC)ocm54544707 | ||
| 040 |
_aEQO _cEQO _dOCLCQ _dDLC |
||
| 042 | _alccopycat | ||
| 050 | 0 | 0 |
_aPE1591 _b.C418 2002 |
| 130 | 0 |
_aChambers dictionary of synonyms and antonyms _951145 |
|
| 245 | 1 | 0 |
_aChambers synonyms and antonyms / _cedited by Martin H. Manser. |
| 246 | 1 |
_iHalf title: _aSynonyms and antonyms |
|
| 260 |
_aEdinburgh : _bChambers, _c2004. |
||
| 300 |
_avii, 422 p. ; _c20 cm. |
||
| 500 | _a"Previously published as Chambers dictionary of synonyms and antonyms, 1990"--T.p. verso. | ||
| 500 | _aCover has sub-title: "The essential vocabulary builder." | ||
| 650 | 0 |
_aEnglish language _xSynonyms and antonyms _vDictionaries. _951146 |
|
| 700 | 1 |
_aManser, Martin H. _943574 |
|
| 856 | 4 | 2 |
_3Publisher description _uhttp://www.loc.gov/catdir/description/hm051/2004401928.html |
| 856 | 4 | 2 |
_3Contributor biographical information _uhttp://www.loc.gov/catdir/enhancements/fy0737/2004401928-b.html |
| 906 |
_a7 _bcbc _ccopycat _d2 _encip _f20 _gy-gencatlg |
||
| 942 |
_2lcc _cMONOGRAPH |
||
| 999 |
_c131209 _d131209 |
||